Ricostruisci la Carriera del Calciatore - Petr Čech - Statistics

Statistiche generali
  • Questo quiz è stato fatto 6 volte
  • Il punteggio medio è 4 su 5
Statistiche sulle risposte
Hint Risposta % Corretto
1999-2001 Chmel Blšany
100%
2002-2004 Rennes
80%
2001-2002 Sparta Praga
80%
2015-2019 Arsenal
60%
2004-2015 Chelsea
60%
Nessun quiz corrispondente trovato
Distribuzione punteggi
Percentuale di utenti per punteggio
Percentile per numero di risposta
I tuoi punteggi nel tempo
Non hai fatto questo quiz